000
00281nam a22001337a 4500
008
170419b xxu||||| |||| 00| 0 eng d
020
_a
9780140513592
041
_a
eng
080
_2
10TH
_a
573
100
_a
11
101
_a
SHM
245
_a
BIOLOGY
_c
THAIN, M
942
_2
udc
_c
BK
999
_c
11226
_d
11226